रूपावतार एंव वैयाकरण सिद्धान्त कौमुदी (Record no. 298872)
[ view plain ]
| 000 -LEADER | |
|---|---|
| fixed length control field | 01154nam a2200253Ia 4500 |
| 003 - CONTROL NUMBER IDENTIFIER | |
| control field | OSt |
| 005 - DATE AND TIME OF LATEST TRANSACTION | |
| control field | 20220923211353.0 |
| 008 - FIXED-LENGTH DATA ELEMENTS--GENERAL INFORMATION | |
| fixed length control field | 220922b |||||||| |||| 00| 0 hin d |
| 020 ## - INTERNATIONAL STANDARD BOOK NUMBER | |
| International Standard Book Number | 9788187445289 (hbk) |
| 037 ## - SOURCE OF ACQUISITION | |
| Terms of availability | Textual |
| 040 ## - CATALOGING SOURCE | |
| Original cataloging agency | ARTS |
| Transcribing agency | ARTS |
| Language of cataloging | hin |
| 041 ## - LANGUAGE CODE | |
| Source of code | hin |
| Language code of text/sound track or separate title | hin |
| 100 ## - MAIN ENTRY--PERSONAL NAME | |
| Personal name | त्रिवेदी, मनीष; शर्मा, श्रीकृष्ण |
| 9 (RLIN) | 160320 |
| 245 #0 - TITLE STATEMENT | |
| Title | रूपावतार एंव वैयाकरण सिद्धान्त कौमुदी |
| Remainder of title | तुलनात्मक पर्यालोचन |
| 246 ## - VARYING FORM OF TITLE | |
| Title proper/short title | Rūpāvatār eanva vaiyākaraṇ siddhānta kaumudī: tulanātmak paryālochana |
| 260 ## - PUBLICATION, DISTRIBUTION, ETC. | |
| Place of publication, distribution, etc. | जयपुर |
| Name of publisher, distributor, etc. | रितु पब्लिकेशन्स |
| Date of publication, distribution, etc. | 2009 |
| 300 ## - PHYSICAL DESCRIPTION | |
| Extent | 257पृ. |
| Dimensions | cm. |
| 942 ## - ADDED ENTRY ELEMENTS (KOHA) | |
| Classification part | P15,Cx1,16:g, 152P9 |
| Koha item type | Textual |
| Source of classification or shelving scheme | Colon Classification (CC) |
| Withdrawn status | Lost status | Damaged status | Not for loan | Home library | Current library | Date acquired | Source of acquisition | Cost, normal purchase price | Total Checkouts | Full call number | Barcode | Date last seen | Cost, replacement price | Price effective from | Koha item type |
|---|---|---|---|---|---|---|---|---|---|---|---|---|---|---|---|
| Arts Library | Arts Library | 2022-09-23 | 1998/I, 21/01/2009, Vidyanidhi Prakashan | 700.00 | P15,Cx1,16:g 152P9 | AL1293509 | 2022-09-23 | 700.00 | 2022-09-23 | Textual |
